Paměť města : obraz města, veřejné komemorace a historické zlomy v 19. - 21. století /

Uloženo v:
Podrobná bibliografie
Hlavní autoři: Ferencová, Michaela (Autor), Nosková, Jana (Autor)
Médium: Kniha
Jazyk:čeština
slovenština
Vydáno: Brno : Etnologický ústav Akademie věd České republiky, 2009
Vydání:1. vyd.
Témata:
ISBN:9788087112229
On-line přístup: Získat plný text
Tagy: Přidat tag
Žádné tagy, Buďte první, kdo vytvoří štítek k tomuto záznamu!

MARC

LEADER 00000nam a2200000 4500
003 SK-BrCVT
005 20220621162834.0
008 100208s2009 xr e ||||||cze d
020 |a 9788087112229 
035 |a CVTIDW1518874 
040 |b slo  |a CVTI SR  |e AACR2 
041 0 |a cze  |a slo 
044 |a xr 
080 |a 94  |2 UDC-MRF 
080 |a 39  |2 UDC-MRF 
080 |a 711.4  |2 UDC-MRF 
100 1 |a Ferencová, Michaela  |4 aut 
245 1 0 |a Paměť města :  |b obraz města, veřejné komemorace a historické zlomy v 19. - 21. století /  |c Autoři: Michaela Ferencová, Jana Nosková ... [et al.] 
250 |a 1. vyd. 
260 |a Brno :  |b Etnologický ústav Akademie věd České republiky,  |c 2009 
300 |a 407 s. :  |b fotogr., lit., tab. ; 
653 1 |a dejiny mesta  |a banícka tradícia  |a promenádny park  |a národná slávnosť  |a socioprofesijná skupina  |a etnológia  |a verejný mestský priestor 
700 1 |a Nosková, Jana  |4 aut 
910 |a BA002  |b A609781 
919 |a 978-80-87112-22-9 
974 |f Knihy 
992 |a AZN 
999 |c 152708  |d 152707